|
|
|
|
| LEADER |
00000nam a22000007a 4500 |
| 005 |
20181123233630.0 |
| 007 |
cr|||| |||| |
| 008 |
181123s2017 mx |||||s|||| 00||0 spa d |
| 020 |
|
|
|a 978-607-8551-27-9
|
| 035 |
|
|
|a 22458
|
| 040 |
|
|
|a vLex
|
| 090 |
|
|
|c 8326
|d 8326
|
| 100 |
1 |
|
|a Arzt, Sigrid
|
| 245 |
1 |
0 |
|a 20 voces para prevenir el delito
|h [Recurso electrn̤ico] /
|c Sigrid Arzt, Luis De La Barreda, Alberto Begň
|
| 256 |
|
|
|a Servicio en ln̕ea
|
| 260 |
|
|
|a Ciudad de Mx̌ico:
|b Instituto de ciencias penales de Mx̌ico (INACIPE),
|c 2017
|
| 300 |
|
|
|a 1 recurso electrn̤ico
|
| 506 |
1 |
|
|a Disponible solo en los productos indicados
|d vLex Global
|d vLex Global (Academic Edition, excluding Law Schools)
|d vLex Global (U.S. Academic Edition, Law Schools)
|d vLex Global (U.S. Academic Edition, excluding Law Schools)
|d vLex Global (Academic Edition, Law Schools)
|
| 650 |
0 |
4 |
|a Derecho Penal
|z Mx̌ico
|
| 700 |
1 |
|
|a De La Barreda, Luis
|
| 700 |
1 |
|
|a Begn,̌ Alberto
|
| 740 |
0 |
|
|a vLex Libros (Servicio en ln̕ea)
|
| 856 |
4 |
0 |
|u http://vlex.com/source/20-voces-prevenir-delito-22458
|z Acceso restringido
|
| 942 |
|
|
|c BOOK
|
| 999 |
0 |
|
|a Criminal law
|